| 000 | 00724nam a2200181 i 4500 | ||
|---|---|---|---|
| 001 | 37076 | ||
| 003 | ES-MaACL | ||
| 005 | 20230906155511.0 | ||
| 007 | t| | ||
| 008 | 030220s1955 sp ||||1| spa d | ||
| 100 | 1 |
_aBrull de Leoz, Luis. _932124 |
|
| 245 | 1 | 0 |
_aArte del Islam en España _b: ciclo de conferencias desarrollado en el... Instituto en el curso académico 1953-1954 / _cLuis Brull de Leoz. |
| 260 |
_aCuenca : _b[s.n., _c1955] ( _fImp. de Falange) |
||
| 300 |
_a57 p. : _bil. ; _c20 cm. |
||
| 500 | _aPrecede al tít.: Instituto Nacional de Enseñanza Media "Alfonso VIII" de Cuenca. | ||
| 710 | 2 |
_aInstituto Nacional de Enseñanza Media "Alfonso VIII" (Cuenca) _95156 |
|
| 852 |
_aES-MaACL _j1986-F-2 _bR.37705 |
||
| 999 |
_c37076 _d37076 |
||